| 000 | 00610nam a2200229 a 4500 | ||
|---|---|---|---|
| 999 |
_c6272 _d6272 |
||
| 001 | 6272 | ||
| 003 | BD-JhCC | ||
| 005 | 20180118181146.0 | ||
| 008 | 180118s1979 B |||| || | 000 0 eng d | ||
| 035 | _a(BD-JhCC)6272 | ||
| 040 |
_aBD-JhCC _dBD-JhCC |
||
| 041 | _aeng | ||
| 082 |
_a297.55 _bHUQ 1979 |
||
| 100 | _aHuq, Shah Syed Munirul | ||
| 245 |
_aThe Islamic Meridian a way to Muslim Solidarity / _cShah Syed Munirul Huq, |
||
| 260 |
_aDacca : _bIslamic Foundation Bangladesh, _c1979. |
||
| 300 |
_a43 p. : _c20 cm. |
||
| 650 | _aPanislamism | ||
| 650 | _aIslam | ||
| 942 |
_2ddc _cBK |
||